1737 1013 1660 1092 1482 1207 1091 1988 1593 1607 1491 1564 1008 1318 1450 1846 1896 1965 1962 1571 1814 1368 1142 1293 1028 1581 1791 1745 1039 1889 1504 1676 1593 1955 1699 1998 1303 1418 1722 1181 1610 1270 1907 1201 1078 1435 1823 1982 1753 1970 1462 1965 1334 1211 1093 1807 1154 1104 1092 1007 1394 1753 1554 1633 1671 1759 1570 1899 1105 1960 1502 1902 1844 1717 1311 1106 1166 1922 1594 1027 1156 1398 1509 1631 1407 1813 1357 1564 1720 1135 1004 1736 1100 1891 1212 1960 1705 1095 1655 BCNSPRNW ULIB Ver.6.0+V

เปลี่ยนเป็นภาษาไทย

Change to English
 แสดงรายละเอียดบรรณานุกรม
  กลับหน้าหลัก

Brief Record : Get Marc (ISO 2709) : E-mail record : QR code < ปิดหน้าต่าง
LEADER : 00000nam 2200000uu 4500
001    13399124694
003     ULIB
008    160114s2008||||th 000 0 eng d
020    ^a9789743895715 (pbk.)
060 04 ^aWA546.1^bB619
245 00 ^aBirth of health assembly :^bcrystallization of learningtowards wellbeing /^ceditor Saisiri Danwattana
250    ^a1st ed.
260    ^aNonthaburi :^bNational Health Commission Office,^c2008
300    ^a193 p. :^bcol. ill. ;^c21 cm.
650  2 ^aHealth Care Coalitions^xorganization & administration
650  2 ^aCommunity Health Planning^xorganization & administration
650  2 ^aCommunity Health Services
650  2 ^aPublic Health
700 0  ^aSaisiri Danwattana,^eed.
710 2  ^aNational Health Commission Office
945    ^p0^l0^i000238
945    ^p0^l0^i000239
999    ^aเกษร โพธิ์สุวรรณ
รายการนี้ยังไม่มีแท็ก
คุณยังไม่ได้ล็อกอิน คุณสามารถมีกิจกรรมร่วมกับเว็บไซต์ได้ แต่ต้องล็อกอินก่อน ::
  ล็อกอิน

รายการสื่อสารสนเทศ

ลำดับที่ ประเภท เลขเรียก/บาร์โค้ด สถานที่ สถานะ
1. วิทยาศาสตร์การแพทย์ และสุขภาพ
วิทยาศาสตร์การแพทย์ และสุขภาพ
WA546.1 B619 ฉ.1 
  Barcode: 000238
ห้องสมุดวิทยาเขตสวรรค์ประชารักษ์
►หนังสือทั่วไป
บนชั้น
2. วิทยาศาสตร์การแพทย์ และสุขภาพ
วิทยาศาสตร์การแพทย์ และสุขภาพ
WA546.1 B619 ฉ.2 
  Barcode: 000239
ห้องสมุดวิทยาเขตสวรรค์ประชารักษ์
►หนังสือทั่วไป
บนชั้น

รายการใกล้เคียง
    หัวเรื่อง [Community Health Services]
    หัวเรื่อง [Public Health]

BibComment


ยังไม่เคยถูกคอมเมนท์

คอมเมนท์ทรัพยากรรายการนี้
  คอมเมนท์: Birth of health ..


 Copyright 2026. Bcnsprnw @Library